000 00476nam a2200157 i 4500
001 35130
003 ES-MaACL
007 t|
008 030212s1927 sp ||||1| spa d
100 1 _aBolinaga, Josefina.
_929961
245 1 0 _aFlores de amor
_b: poesías /
_cJosefina Bolinaga ; prólogo de Luis Fernández Andarín.
260 _aMadrid :
_bJuan Pérez,
_c1927.
300 _a112 p. ;
_c19 cm.
700 1 _aFernández Andarín, Luis.
_949464
852 _aES-MaACL
_jB-3638
999 _c35130
_d35130